Niektoré problémy manažmentu podnikov s francúzskou kapitálovou účasťou v podmienkach medzinárodnej integrácie

Charakteristika francúzskej školy manažmentu. Praktiky francúzskeho manažmentu. Proces internacionalizácie a kultúrna rozmanitosť vplývajúca na strategický manažment. Komunikácia v podniku. Stratégia medzinárodných podnikov. Podnik s francúzskou kapitálovou účasťou na slovenskom trhu. Francúzsko-slo...

Descrizione completa

Salvato in:
Dettagli Bibliografici
Autore principale: Kita, Jaroslav
Natura: Capitolo di libro
Lingua:slovacco
Soggetti:
Tags: Aggiungi Tag
Nessun Tag, puoi essere il primo ad aggiungerne!!

MARC

LEADER 00000naa a2200000 4500
001 r035649
005 20240502071332.6
041 0 |a slo 
044 |a SK 
245 1 0 |a Niektoré problémy manažmentu podnikov s francúzskou kapitálovou účasťou v podmienkach medzinárodnej integrácie  |c Jaroslav Kita 
520 |a Charakteristika francúzskej školy manažmentu. Praktiky francúzskeho manažmentu. Proces internacionalizácie a kultúrna rozmanitosť vplývajúca na strategický manažment. Komunikácia v podniku. Stratégia medzinárodných podnikov. Podnik s francúzskou kapitálovou účasťou na slovenskom trhu. Francúzsko-slovenské vzťahy. 
610 2 0 |a manažment 
610 2 0 |a podnik 
610 2 0 |a Francúzsko 
610 2 0 |a riadenie podnikové 
610 2 0 |a manažment strategický 
610 2 0 |a internacionalizácia 
610 2 0 |a komunikácia 
610 2 0 |a podnik medzinárodný 
610 2 0 |a Slovensko 
610 2 0 |a integrácia ekonomická medzinárodná 
610 2 0 |a kultúra 
100 1 |a Kita, Jaroslav